000 01052nam a22003017a 4500
003 CHAP
005 20220817042928.0
008 971013s1993 r 00010 d
010 _a60150
011 _a61122
035 _a65286
040 _cCHAP
090 _aFolleto 14659
110 _aUACH. Unidad de Planeación, Organización y Métodos
245 _aComisión de evaluación del programa de carrera docente
_b: informe
260 _a(Chapingo, Méx.) :
_bLa Universidad,
_c1993
300 _a66 p.
_b: ilus. ; gráfs.
590 _aBATCH-UPD
_b10
_c20130110
_lUCH01
_h1611
590 _aBATCH-UPD
_b10
_c20130410
_lUCH01
_h1007
590 _aBATCH-UPD
_b10
_c20130914
_lUCH01
_h1241
590 _aCONVERSION
_b10
_c20130109
_lUCH01
_h1332
650 1 4 _aEducación agrícola
_xFormación de profesores.
_935519
901 _aBK
942 _cFOLL
949 _aFolleto 14659
_bBC
_cFOLL
_d-145286
_eTS1
_i65286
_si
949 _aFolleto 14659
_bBC
_cFOLL
_d-145289
_eTS2
_fc.2
_i65286
_si
949 _aFolleto 14659
_bBC
_cUACH
_d-145290
_eUACH
_fc.3
_i65286
_si
999 _c60150
_d60150